Detalles MARC
| 000 -LEADER |
| fixed length control field |
03674nam a2200481Ii 4500 |
| 001 - CONTROL NUMBER |
| control field |
DIGMECD0077 |
| 003 - CONTROL NUMBER IDENTIFIER |
| control field |
NyNyDIG |
| 008 - FIXED-LENGTH DATA ELEMENTS--GENERAL INFORMATION |
| fixed length control field |
140908s2012 sp ob 000 0 spa d |
| 006 - FIXED-LENGTH DATA ELEMENTS--ADDITIONAL MATERIAL CHARACTERISTICS |
| fixed length control field |
m o d |
| 007 - PHYSICAL DESCRIPTION FIXED FIELD--GENERAL INFORMATION |
| fixed length control field |
cr ||||||||||| |
| 035 ## - SYSTEM CONTROL NUMBER |
| System control number |
(OCoLC)893891075 |
| 040 ## - CATALOGING SOURCE |
| Original cataloging agency |
DGITA |
| Language of cataloging |
eng |
| Description conventions |
rda |
| -- |
pn |
| Transcribing agency |
DGITA |
| 020 ## - INTERNATIONAL STANDARD BOOK NUMBER |
| International Standard Book Number |
9788436952582 |
| Qualifying information |
libro electrónico |
| 020 ## - INTERNATIONAL STANDARD BOOK NUMBER |
| International Standard Book Number |
8436952588 |
| Qualifying information |
libro electrónico |
| 020 ## - INTERNATIONAL STANDARD BOOK NUMBER |
| Canceled/invalid ISBN |
9788436947625 |
| Qualifying information |
CD-ROM |
| 020 ## - INTERNATIONAL STANDARD BOOK NUMBER |
| Canceled/invalid ISBN |
8436947622 |
| Qualifying information |
CD-ROM |
| 024 7# - OTHER STANDARD IDENTIFIER |
| Standard number or code |
030-12-046-1 |
| Qualifying information |
libro electrónico |
| Source of number or code |
nipo |
| 050 14 - LIBRARY OF CONGRESS CALL NUMBER |
| Classification number |
LB1580.S7 eBook |
| 245 00 - TITLE STATEMENT |
| Title |
Inmersión temprana en lenguas extranjeras / |
| Statement of responsibility, etc. |
dirección editorial del volumen... Ma del Carmen Alario Trigueros ; coordinación: Rosa Martínez Feito ; autores: Alario Trigueros, Ma. del Carmen [and nine others]. |
| 264 #1 - PRODUCTION, PUBLICATION, DISTRIBUTION, MANUFACTURE, AND COPYRIGHT NOTICE |
| Place of production, publication, distribution, manufacture |
[Madrid] : |
| Name of producer, publisher, distributor, manufacturer |
Ediciones del Instituto Superior de Formación y Recursos en Red para el Profesorado, |
| Date of production, publication, distribution, manufacture, or copyright notice |
2012. |
| 264 #3 - PRODUCTION, PUBLICATION, DISTRIBUTION, MANUFACTURE, AND COPYRIGHT NOTICE |
| Place of production, publication, distribution, manufacture |
[Madrid] : |
| Name of producer, publisher, distributor, manufacturer |
Ministerio de Educación, Cultura y Deporte, Secretaría General Técnica, Subdirección General de Documentación y Publicaciones |
| 300 ## - PHYSICAL DESCRIPTION |
| Extent |
1 online resource (273 pages). |
| 336 ## - CONTENT TYPE |
| Content type term |
text |
| Content type code |
txt |
| Source |
rdacontent |
| 337 ## - MEDIA TYPE |
| Media type term |
computer |
| Media type code |
c |
| Source |
rdamedia |
| 338 ## - CARRIER TYPE |
| Carrier type term |
online resource |
| Carrier type code |
cr |
| Source |
rdacarrier |
| 490 1# - SERIES STATEMENT |
| Series statement |
Aulas de verano. Serie Principios |
| 504 ## - BIBLIOGRAPHY, ETC. NOTE |
| Bibliography, etc. note |
Includes bibliographical references. |
| 505 0# - FORMATTED CONTENTS NOTE |
| Formatted contents note |
Uso colaborativo de las TICs : las TICs en el aula CLIL de educación infantil y primaria / Miguel Ángel Robledo Ortega -- Colaborando para aprender juntos : proyectos europeos Comenius y eTwinning / Maria Piedad Avello Fernández -- Creación de entornos escolares enriquecidos para la construcción de aprendizajes desde los primero años / Carmen García Colmenares -- El desarrollo lingüístico y cognitivo en la actividad diaria del aula de educación infantil / Inmaculada Martín Rodrigo -- Evaluación para el aprendizaje / Teresa María Hernández González -- Transformación de un colegio público de educación infantil y primaria a partir de la metodología CLIL / José Luis García Meneses -- El uso de la narrativa para el desarrollo de competencias básicas en el aula de educación infantil / Ma Belén Gómez Romero -- Teaching English through science, teaching science through English : a workshops on materials and their properties / María Jesús García Barrero -- La adquisición de contenidos curriculares y su evaluación a través de una lengua extranjera en el alumnado de educación infantil / Rosa Martínez Feito -- Repensar el papel de la lengua y la comunicación en el proceso de desarrollo de una competencias básica : competencia lingüística y comunicativa en entornos plurilingües / Ma del Carmen Alario Trigueros. |
| 546 ## - LANGUAGE NOTE |
| Language note |
Text in Spanish and English. |
| 588 0# - SOURCE OF DESCRIPTION NOTE |
| Source of description note |
Online resource; title from ePub and PDF title page (Digitalia, viewed Sept. 8, 2014) |
| 650 #0 - SUBJECT ADDED ENTRY--TOPICAL TERM |
| Topical term or geographic name entry element |
Languages, Modern |
| General subdivision |
Study and teaching (Primary) |
| Geographic subdivision |
Spain. |
| 650 #0 - SUBJECT ADDED ENTRY--TOPICAL TERM |
| Topical term or geographic name entry element |
Language arts |
| General subdivision |
Correlation with content subjects |
| Geographic subdivision |
Spain. |
| 655 #0 - INDEX TERM--GENRE/FORM |
| Genre/form data or focus term |
Electronic books. |
| 700 1# - ADDED ENTRY--PERSONAL NAME |
| Personal name |
Martínez Feito, Rosa, |
| Relator term |
organizer. |
| 700 1# - ADDED ENTRY--PERSONAL NAME |
| Personal name |
Trigueros Alario, María del Carmen, |
| Relator term |
editor, |
| -- |
author. |
| 791 2# - |
| -- |
Digitalia (Firm), |
| -- |
distributor. |
| 793 0# - |
| -- |
Digitalia eBook Collection: |
| -- |
Ministerio de Educación, Cultura y Deporte de España |
| 776 08 - ADDITIONAL PHYSICAL FORM ENTRY |
| Relationship information |
CD-ROM version: |
| Title |
Inmersión temprana en lenguas extranjeras. |
| Place, publisher, and date of publication |
Madrid : Ministerio de Educación, Política Social y Deporte, 2009 |
| International Standard Book Number |
9788436947625 |
| Record control number |
(OCoLC)567979111 |
| 830 #0 - SERIES ADDED ENTRY--UNIFORM TITLE |
| Uniform title |
Aulas de verano. |
| Name of part/section of a work |
Serie Principios. |
| 856 40 - ELECTRONIC LOCATION AND ACCESS |
| Materials specified |
Digitalia Hispánica |
| Uniform Resource Identifier |
<a href="https://www.digitaliapublishing.com/a/17810/">https://www.digitaliapublishing.com/a/17810/</a> |
| 910 ## - USER-OPTION DATA (OCLC) |
| User-option data |
Premium Collection: 2014 |
| 942 ## - ADDED ENTRY ELEMENTS (KOHA) |
| Koha item type |
Recurso Electrónico |